000 00552nam a2200217 a 4500
001 0001-2078
003 ELIB.Books
008 190722 2010 eng
020 _a9780687467365
092 _a241
_bLov
100 _aLovin, Robin W.
245 _aAn Introduction to Christian Ethics
260 _aNashville
_bAbingdon Press
_c2011
300 _a262
_c22.7cm
650 _aEthics
856 _nKBTS Library
_uKBTS Elib
942 _2ddc
_cBK
990 _a1
998 _aEnglishbooks.elf
_ccat
_e2019-07-22
999 _c12078
_d12078